000 00510nam a2200181 i 4500
001 55380
003 ES-MaACL
005 20230906163131.0
007 t|
008 030918s1971 sp ||||1| spa d
100 1 _aDeon, Michel.
_943746
245 1 4 _aLos poneys salvajes /
_cMichel Deon ; [traducción Ana Inés Bonnin].
250 _a[1ª ed.].
260 _a[Barcelona] :
_bNoguer,
_c[1971]
300 _a357 p. ;
_c23 cm.
700 1 _aBonnin, Ana Inés.
_930281
852 _aES-MaACL
_jC-38377
_bR.79254
999 _c55380
_d55380